| 000 | 00777nam a2200205 a 4500 | ||
|---|---|---|---|
| 008 | 160217s2015 ||||||||||||||||| || u | ||
| 020 | _a9780723438588 | ||
| 050 | _aRC 801 Gri | ||
| 100 | _aGriffiths, Megan | ||
| 245 | 1 | 0 |
_aGastrointestinal system.(4th ed.) _cBy Megan Griffiths |
| 250 | _a4th ed. | ||
| 260 |
_aEdinburgh _bMosby Elsevier _c2015 |
||
| 300 | _ax, 203p.:ill. | ||
| 350 | _a44.99 | ||
| 490 | _aBasic science crash course | ||
| 650 | _aGASTROINTESTINAL SYSTEM--OUTLINES, SYLLABI, ETC | ||
| 650 | _aGASTROINTESTINAL SYSTEM | ||
| 650 | _aGASTROINTESTINAL SYSTEM--DISEASES | ||
| 995 |
_aMEDICAL LIBRARY OPEN ACCESS _e903446 _FCBU-SCHOOL OF MEDICINE LIBRARY (Ndola) _I44.99 _jRC 801 Gri _M1 _UAVAILABLE _WMar 3, 2016 _y903446 _ZMedical Library Open Access Collection |
||
| 999 |
_c31504 _d31504 |
||